|
|
|
|
| LEADER |
00000nam0a2200000 4500 |
| 001 |
137470 |
| 005 |
20231101220701.0 |
| 020 |
|
|
|a RU
|b 84-1582
|
| 035 |
|
|
|a (RuTPU)RU\TPU\book\148988
|
| 090 |
|
|
|a 137470
|
| 100 |
|
|
|a 20080512d1983 k a0rusy5003 ca
|
| 101 |
0 |
|
|a rus
|
| 102 |
|
|
|a RU
|
| 105 |
|
|
|a a z 001zy
|
| 200 |
1 |
|
|a Оценка показателей надежности технических систем на основе поэлементного анализа и обработки данных
|e в помощь слушателем семинара по надежности и прогрессивным методам контроля качества промышленных изделий при Политехническом музеерпапрап
|f Л. А. Лейфер
|g Политехнический музей ; Всесоюзное общество "Знание" ; Всесоюзный совет научно-технических обществ, Государственный Комитет СССР по стандартам
|
| 210 |
|
|
|a Москва
|c Знание
|d 1983
|
| 215 |
|
|
|a 107 с.
|c ил.
|
| 320 |
|
|
|a Библиогр.: с. 103-105.
|
| 423 |
|
|
|t Методы обработки цензурированных данных о надежности
|f И. З. Аронов, Е. И. Бурдасов
|a Аронов, Иосиф Зиновьевич
|
| 606 |
|
|
|a Технологические испытания
|x Контроль
|2 stltpush
|3 (RuTPU)RU\TPU\subj\75402
|9 87212
|
| 610 |
1 |
|
|a надежность
|
| 610 |
1 |
|
|a теория
|
| 610 |
1 |
|
|a технические системы
|
| 675 |
|
|
|a 620.16
|v 3
|
| 700 |
|
1 |
|a Лейфер
|b Л. А.
|g Лев Абрамович
|
| 712 |
0 |
2 |
|a Политехнический музей
|2 stltpush
|3 (RuTPU)RU\TPU\col\9745
|9 24746
|
| 712 |
0 |
2 |
|a Всесоюзное общество "Знание"
|c (1963-1991)
|c (Москва)
|2 stltpush
|3 (RuTPU)RU\TPU\col\9744
|9 24745
|
| 712 |
0 |
2 |
|a Всесоюзный совет научно-технических обществ
|2 stltpush
|3 (RuTPU)RU\TPU\col\9971
|9 24773
|
| 712 |
0 |
1 |
|a СССР
|b Государственный комитет по стандартам (Госстандарт)
|c (1978-1989)
|2 stltpush
|3 (RuTPU)RU\TPU\col\12454
|
| 801 |
|
0 |
|a RU
|b RuMRKP
|c 19950704
|g psbo
|
| 801 |
|
1 |
|a RU
|b 63413507
|c 20080512
|
| 801 |
|
2 |
|a RU
|b 63413507
|c 20180116
|g RCR
|
| 942 |
|
|
|c BK
|